Quizzes
Events
Quiz Creation
Community
Videos
Private Events
Remove Ads
Sign In
Join for FREE
Feedback
Dark Mode
Quiz Categories
Sports
Geography
Music
Movies
Television
Just For Fun
Miscellaneous
History
Literature
Language
Science
Gaming
Entertainment
Religion
Holiday
For Kids
Quiz Lab
Recent
Popular Today
Quiz Kudos Today
Editor Picks
Curator Picks
Quizzes by...
Day
Popularity
Type
Ratings
Length
Year
Community
Subscriptions
Recent Discussions
Orange Saloon
Badges
Playlists
Quests
Create
Leaderboards
Showdown
Live 5
Trivia Bingo
Activity
Puzzle Library
Sporcle Events
Private Events
Virtual Trivia
Globe League
Become a Host
Pub Owners
SporcleCon
Opinionation
Our Games
Videos
Blog
Mobile Apps
Partnerships
Remove Ads and Go Orange
Feedback
Language
Vocabulary
Begins and Ends
Definition
Spanish
French
German
Italian
Chinese
Latin
Translation
Japanese
Language
Vocabulary
Begins and Ends
Definition
Spanish
French
German
Italian
Chinese
Latin
Translation
Japanese
Random Quiz
Search Sporcle
×
Quiz Lab
Quiz Lab
Language
Definition
Type in answers that appear in a list
Type in answers that appear in a list
Classic
Best Score? Go Orange.
Four Syllable Words Stats
Can you name the Four Syllable Words?
By
discolando
5m
20 Questions
130 Plays
130 Plays
130 Plays
Comments
Comments
Give Quiz Kudos
Give Quiz Kudos
-
- Ratings
hide this ad
More Info
Replay
Link that replays current quiz
Next Quiz
Link to next quiz in quiz playlist
You Got
0%
They Got
Avg Score
35%
Avg Friend Score
Upgrade to see
Score Distribution
Jump to the score distribution portion of the page
Score
0/20
Timer
05:00
0
Plays Today
Definition
Word
% Correct
1. What a surgeon performs...
Operation
70.8%
19. Where I found these words...
Dictionary
65.4%
10. Camera art...
Photography
60%
4. Crimson tide...
Alabama
50.8%
6. Positively, definitely...
Absolutely
50.8%
13. The idiot box...
Television
50.8%
3. Italian seasoning...
Oregano
50%
14. The fate of every network show...
Cancellation
47.7%
20. What #19 provides...
Definition
45.4%
16. Tequila cocktail...
Margarita
43.1%
Definition
Word
% Correct
5. #4's neighbor...
Mississippi
36.9%
11. Nobody lives forever...
Mortality
29.2%
9. Measurement of speed...
Velocity
28.5%
2. What your surgeon does before #1...
Preparation
26.9%
17. Lower in rank...
Subordinate
23.1%
12. Thievish temperament, related to a planet...
Mercurial
10%
15. A restriction or boundary...
Limitation
9.2%
7. Brilliant, vivid color or light...
Iridescent
2.3%
18. The shortest four syllable word, all vowels....
Iouea
1.5%
8. Simpleness -
the principle of Occam's Razor...
Parsimony
0.8%
Quiz Playlist
Details
Report
Send in Message
Add To Playlist
More Info:
Four syllable words, some more common than others... no hyphens or spaces.
Classic:
Type in answers that appear in a list
Last Updated: Feb 16, 2017
Quiz Scoreboard
CHALLENGE
Sign Up to Join the Scoreboard
Show All
Scores
Hide
Comments
May contain spoilers
Recently Published
Movies - When Are They Set?
by FPL_Elf
Movies
5m
Popular People in 1961
by mucciniale
History
6m
1-10 Letter E Words III
by El_Dandy
Language
2m
More to Explore
Quiz From the Vault
Featured Blog Post
Where Did the Easter Bunny Come From?
hide this ad
You Might Also Like...
Tags
Definition Quiz
four
Syllable
Today's Top Quizzes in Language
Browse Language
hide this ad
Today's Top Quizzes in Definition
Browse Definition
Top Contributed Quizzes in Language
1
Order Up: Top 10 Most Native Spoken Languages
2
1-10 Letter F Words III
3
1-10 Letter G Words III
4
1-10 Letter H Words III
5
One Thing in Common: Italy
6
1-10 Letter I Words III
7
Begins and Ends With AN
8
Weisst du, aus welchen Sprachen diese Wörter stammen?
9
Hiragana Speed Reading
10
1-10 Letter J Words III
Explore More
Trending Topics
Marvel
Crossword
Disney
Kpop
Anime
NBA
Harry Potter
Song
WWE
Soccer
NFL
The Office
Pokémon
Puzzle
Country
hide this ad
More By:
discolando
Quiz
Plays
Rating
Category
Featured
Created
Kansas City Royals 30 HR Hitters
1,236
4.17
Sports
Sep 9, 2010
Kansas City Royals .300 Hitters
496
4.25
Sports
Sep 9, 2010
Kansas City Royals 20 Game Winners
428
4.00
Sports
Sep 9, 2010
Famous Newtons
392
4.50
Miscellaneous
Sep 13, 2010
Four Syllable Words
130
3.60
Language
Sep 13, 2010
Go to Creator's Profile
Score Distribution
Quiz Creator Spotlight
discolando
Follow
Send a Message
Quizzes Created
-
Created Quiz Play Count
-
More By This Creator
Popular Quizzes Today
1
Find the US States - No Outlines Minefield
2
Find the Countries of Europe - No Outlines Minefield
3
The Countries of the World
4
Popular People in 1961
5
1-10 Letter E Words III
6
US States
7
Find the US States
8
One Thing in Common: World Cities II
More Language Quizzes
Blitz! Ends in ...ZZLE
Editor's Pick
Trending Quizzes
Risky Map Clicking: Least Populous States A-Z
1-10 Letter F Words
1-10 Letter G Words
One Thing in Common: United Kingdom
Risky Map Clicking: Next State Alphabetically
Recently Updated
Leaping Animals
pecheneg
Reality TV Shows (A-Z)
bhenderson79
Rickey Henderson's Hall of Fame Teammates
pecheneg
Champions League XIs: Arsenal
pecheneg
Quick Pick: Celebrities in WWE's Hall of Fame
aduchscher
A-Z Keypad Blitz II
pecheneg
Multiple Oscar Actors
pecheneg
Mystery Phrase Blitz: Oscar 'Best Actors'
pecheneg
F. Scott Fitzgerald Novels
LTH
Pick 3 Villains
ddd62291
Trending Topics
Disney
NBA
Crossword
Harry Potter
Anime
Marvel
Kpop
Song
WWE
Pokémon
NFL
Country
Puzzle
Soccer
The Office
Your Account Isn't Verified!
In order to create a playlist on Sporcle, you need to verify the email address you used during registration. Go to your
Sporcle Settings
to finish the process.
Report this User
Report this user for behavior that violates our
Community Guidelines
.
Details:
Send Report
Go to the Sporcle.com Mobile Site →
Comments